书目信息 |
| 题名: |
噪声环境影响评价与噪声控制实用技术
|
|
| 作者: | 周兆驹 编著 | |
| 分册: | ||
| 出版信息: | 北京 机械工业出版社 2016.11 |
|
| 页数: | 484页 | |
| 开本: | 26cm | |
| 丛书名: | ||
| 单 册: | ||
| 中图分类: | X827 | |
| 科图分类: | ||
| 主题词: | 环境噪声评价 , 噪声控制--实用技术 | |
| 电子资源: | ||
| ISBN: | 978-7-111-54574-3 | |
| 000 | 00986nam0 2200253 450 | |
| 001 | 0100004614 | |
| 005 | 20161116164842.3 | |
| 010 | @a978-7-111-54574-3@dCNY79.00 | |
| 100 | @a20161116d2016 em y0chiy50 ea | |
| 101 | 0 | @achi |
| 102 | @aCN@b110000 | |
| 105 | @aak z 000yy | |
| 106 | @ar | |
| 200 | 1 | @a噪声环境影响评价与噪声控制实用技术@Azao sheng huan jing ying xiang ping jia yu zao sheng kong zhi shi yong ji shu@f周兆驹编著 |
| 210 | @a北京@c机械工业出版社@d2016.11 | |
| 215 | @a484页@c图@d26cm | |
| 330 | @a本书详细介绍了公路、铁路、城市轨道交通、机场等交通建设项目,火力发电厂、水泥厂、钢铁企业、机械厂、氮肥厂、酒厂、淀粉厂等工业建设项目,住宅小区、旅馆等民用建设项目的噪声源、噪声控制措施、噪声环境影响预测方法及技术要点,并提供了典型案例。 | |
| 333 | @a建设项目设计工程师 | |
| 606 | 0 | @a环境噪声评价 |
| 606 | 0 | @a噪声控制@x实用技术 |
| 690 | @aX827@v5 | |
| 701 | 0 | @a周兆驹@Azhou zhao ju@4编著 |
| 801 | 0 | @aCN@c201701015 |
| 905 | @a河南城建学院图书馆@dX827@eZ812 | |
| 噪声环境影响评价与噪声控制实用技术/周兆驹编著.-北京:机械工业出版社,2016.11 |
| 484页:图;26cm |
| 使用对象:建设项目设计工程师 |
| ISBN 978-7-111-54574-3:CNY79.00 |
| 本书详细介绍了公路、铁路、城市轨道交通、机场等交通建设项目,火力发电厂、水泥厂、钢铁企业、机械厂、氮肥厂、酒厂、淀粉厂等工业建设项目,住宅小区、旅馆等民用建设项目的噪声源、噪声控制措施、噪声环境影响预测方法及技术要点,并提供了典型案例。 |
| ● |
| 相关链接 |
|
|
|
正题名:噪声环境影响评价与噪声控制实用技术
索取号:X827/Z812
 
预约/预借
| 序号 | 登录号 | 条形码 | 馆藏地/架位号 | 状态 | 备注 |
| 1 | 1364060 | 213640602 | 自科二线400A/400A自科库 31排3列2层/ [索取号:X827/Z812] | 在馆 | |
| 2 | 1364061 | 213640611 | 自科库501/501自科库 114排1列6层/ [索取号:X827/Z812] | 在馆 |